| 000 | 01302naa a22003377a 4500 | ||
|---|---|---|---|
| 001 | BR9400016 | ||
| 003 | BR-BrBNA | ||
| 005 | 20250721155444.0 | ||
| 007 | ta | ||
| 008 | 250630b bl.|||m| |||| 00| 0 por d | ||
| 040 |
_aBR-BrBNA _bpor _cBiblioteca Nacional de Agricultura |
||
| 041 | _a(Pt) | ||
| 072 |
_aF08; F01 _b0110 |
||
| 090 | _aF08 BR9400016 | ||
| 100 | 1 | _aPereira, L.R. | |
| 100 | 1 | _aBougle, B.R. | |
| 100 | 1 | _aLhamby, J.C.B. | |
| 100 | 1 | _aSantos, H.P. dos | |
| 245 | 1 | _aRotacao de culturas, 9. Efeito no rendimento de graos da cevada (1975 a 1979) | |
| 500 | _aResultados de pesquisa do Centro Nacional de Pesquisa de Trigo apresentados na 6, 7 e 8 Reunioes Anuais de Pesquisa de Cevada Passo Fundo, RS (Brasil): 1988. p. 76-84 [6 tables] (BR9400016-AMS) | ||
| 773 | 0 |
_tResultados de pesquisa do Centro Nacional de Pesquisa de Trigo apresentados na 6, 7 e 8 Reunioes Anuais de Pesquisa de Cevada _wF08 BR9400016 _gPasso Fundo, RS (Brasil), 1988. p. 76-84 |
|
| 650 | _aCevada | ||
| 650 | _aGrao | ||
| 650 | _aRotacao de Cultura | ||
| 650 | _aRendimento | ||
| 650 | _aQuimica do Solo | ||
| 650 | _aParana | ||
| 490 |
_aDocumentos - Centro Nacional de Pesquisa de Trigo (Brazil) _vno. 15 _xISSN 0101-6644 |
||
| 942 |
_cAMS _2AGRIS |
||
| 909 |
_a202506 _bLúcia _c55 _dLúcia Elande |
||
| 999 |
_c336600 _d336600 |
||